000 00600nam a2200205Ia 4500
003 GCL
008 140319s9999 xx 000 0 ara d
040 _aGCL /
_cGCL
082 0 4 _a320.5
_bز ع
100 1 _aزكريا فايد
245 1 0 _aالعلمانية: النشاة والاثر فى الشرق والغرب /
_cزكريا فايد
260 _a[S.N] :
_bالزهراء للاعلام العربى
300 _a218 ص
490 _a
650 0 4 _aالعالم العربى
650 0 4 _aتاريخ
650 0 4 _aالاسلام
650 0 4 _aالعلمانية
942 _2ddc
_cBK
999 _c30366
_d30366